000 00541nam a22001817a 4500
003 OST
005 20250407093354.0
008 250403b |||||||| |||| 00| 0 eng d
020 _a9780712672818
040 _cBT-PhCST
050 _aD4638
082 _a294.3
_bHAN
_222
100 _aHanh, Thich Nhat.
245 _aLiving buddha living christ :
_ba revered meditation master explores two of the world's great contemplative traditions /
260 _aUK :
_bEbury Publishing,
_cc1995.
300 _bill, ;
_c21 cm.
_a208 P. :
942 _2ddc
_cF
999 _c9985
_d9985